cBy Hans Raj (Record no. 9081)

MARC details
000 -LEADER
fixed length control field 00418cam a2200193ua 4500
001 - CONTROL NUMBER
control field 10090
005 - DATE AND TIME OF LATEST TRANSACTION
control field 20260515114550.0
008 - FIXED-LENGTH DATA ELEMENTS--GENERAL INFORMATION
fixed length control field 170327n ii |||gr||||Z||||||eng
040 ## - CATALOGING SOURCE
Transcribing agency MAIN
041 ## - LANGUAGE CODE
Language code of text/sound track or separate title eng
082 ## - DEWEY DECIMAL CLASSIFICATION NUMBER
Classification number 320.3
100 ## - MAIN ENTRY--PERSONAL NAME
Personal name Raj, Hans,
Relator term Author.
245 ## - TITLE STATEMENT
Title cBy Hans Raj
250 ## - EDITION STATEMENT
Edition statement 2nd ed.
260 ## - PUBLICATION, DISTRIBUTION, ETC.
Place of publication, distribution, etc. Delhi:
Name of publisher, distributor, etc. Surjeet,
Date of publication, distribution, etc. 1998.
300 ## - PHYSICAL DESCRIPTION
Extent 388p.
653 ## - INDEX TERM--UNCONTROLLED
Uncontrolled term Political science
942 ## - ADDED ENTRY ELEMENTS (KOHA)
Koha item type Books
Holdings
Withdrawn status Lost status Damaged status Not for loan Home library Current library Shelving location Date acquired Total checkouts Full call number Barcode Date last seen Copy number Price effective from Koha item type Date last checked out
        Naharkatiya College Library Naharkatiya College Library General stacks 09/19/2020   320.3oRAJ 508 09/19/2020 4 09/19/2020 Books  
        Naharkatiya College Library Naharkatiya College Library General stacks 09/19/2020 1 320.3oRAJ 509 04/27/2026 8 09/19/2020 Books 04/04/2026
        Naharkatiya College Library Naharkatiya College Library General stacks 09/19/2020   320.3oRAJ 510 09/19/2020 2 09/19/2020 Books  
        Naharkatiya College Library Naharkatiya College Library General stacks 09/19/2020   320.3oRAJ 511 09/19/2020 10 09/19/2020 Books  
        Naharkatiya College Library Naharkatiya College Library General stacks 09/19/2020   320.3oRAJ 513 09/19/2020 5 09/19/2020 Books  
        Naharkatiya College Library Naharkatiya College Library General stacks 09/19/2020   320.3oRAJ 515 09/19/2020 7 09/19/2020 Books  
        Naharkatiya College Library Naharkatiya College Library General stacks 09/19/2020   320.3oRAJ 516 09/19/2020 3 09/19/2020 Books  
        Naharkatiya College Library Naharkatiya College Library General stacks 09/19/2020   320.3oRAJ 517 09/19/2020 1 09/19/2020 Books  
        Naharkatiya College Library Naharkatiya College Library General stacks 09/19/2020   320.3oRAJ 518 09/19/2020 6 09/19/2020 Books  
        Naharkatiya College Library Naharkatiya College Library General stacks 09/19/2020   320.3oRAJ 519 09/19/2020 9 09/19/2020 Books